000 00608nam a2200229 i 4500
001 C2-0168622
003 PPAK
005 20180728091132.0
008 980716s1993 enka|||| ||||| | eng d
020 _a0091775124
040 _aPPAK
_beng
_cPPAK
_erda
082 0 4 _a796.352
_2 23
090 0 0 _a796.352
_bMOR
_dR
100 1 _aMorrison, Ian,
_eauthor
245 1 0 _aGolf facts
264 1 _aLondon :
_bStanley Paul ,
_c1993
300 _a159 pages :
_bcolour illustrations ;
_c26 cm
336 _2rdacontent
_atext
337 _2rdamedia
_aunmediated
338 _2rdacarrier
_avolume
942 _ddc
_cB
999 _c152758
_d152758